Detalles MARC
| 000 -LEADER |
| fixed length control field |
01612nam a2200289 a 4500 |
| 001 - CONTROL NUMBER |
| control field |
|
| 003 - CONTROL NUMBER IDENTIFIER |
| control field |
OSt |
| 005 - DATE AND TIME OF LATEST TRANSACTION |
| control field |
20211108124754.0 |
| 007 - PHYSICAL DESCRIPTION FIXED FIELD--GENERAL INFORMATION |
| fixed length control field |
|
| 008 - FIXED-LENGTH DATA ELEMENTS--GENERAL INFORMATION |
| fixed length control field |
090130s2001 dr ac 000 0 spa d |
| 020 ## - INTERNATIONAL STANDARD BOOK NUMBER |
| International Standard Book Number |
9993476048 |
| 040 ## - CATALOGING SOURCE |
| Original cataloging agency |
DO-SdBNP |
| Language of cataloging |
spa |
| Transcribing agency |
BPMSU |
| 082 #4 - DEWEY DECIMAL CLASSIFICATION NUMBER |
| Classification number |
324.22 |
| Item number |
G377e, 2001 |
| Edition number |
22 |
| 100 1# - MAIN ENTRY--PERSONAL NAME |
| Personal name |
Gerónimo, Joaquín |
| Dates associated with a name |
1955- |
| 245 10 - TITLE STATEMENT |
| Title |
En el nombre de Bosch / |
| Statement of responsibility, etc. |
Joaquín Gerónimo. |
| 260 ## - PUBLICATION, DISTRIBUTION, ETC. (IMPRINT) |
| Place of publication, distribution, etc. |
Santo Domingo : |
| Name of publisher, distributor, etc. |
Alfa & Omega, |
| Date of publication, distribution, etc. |
2001 |
| 300 ## - PHYSICAL DESCRIPTION |
| Extent |
285 p. : |
| Other physical details |
il., retrs. ; |
| Dimensions |
23 cm. |
| 500 ## - GENERAL NOTE |
| General note |
Incluye datos biográficos del autor en la solapa de la cubierta |
| 505 0# - FORMATTED CONTENTS NOTE |
| Title |
La percepción de Joaquín Gerónimo: en el nombre de Bosch -- |
| -- |
Nota del autor -- |
| Miscellaneous information |
I. |
| Title |
Bajo el signo de La Habana -- |
| Miscellaneous information |
II. |
| Title |
En el vórtice de la guerra fría -- |
| Miscellaneous information |
III. |
| Title |
Avanzar sobre campos minados -- |
| Miscellaneous information |
IV. |
| Title |
EL camino era el socialismo -- |
| Miscellaneous information |
V. |
| Title |
En guerra contra el populismo -- |
| Miscellaneous information |
VI. |
| Title |
Volver al escenario electoral -- |
| Miscellaneous information |
VII. |
| Title |
La batalla decisiva -- |
| Miscellaneous information |
VIII. De jinete a cabalgadura -- |
| Title |
IX. Mirando el agua correr bajo los puentes -- |
| Miscellaneous information |
X. |
| Title |
Rumbo al puerto de origen -- |
| -- |
epílogo [traspaso de antorcha] -- |
| -- |
Apéndice: cronología personal, nacional y mundial -- |
| -- |
Carta del autor al presidente de la República, doctor Leonel Fernández -- |
| -- |
Premisas fundamentales -- |
| -- |
Hay que tener cuidado con el populismo -- |
| -- |
El PLD en busca de su destino. |
| 590 ## - LOCAL NOTE (RLIN) |
| Local note |
Inventariado, 2021/VM |
| 600 10 - SUBJECT ADDED ENTRY--PERSONAL NAME |
| Personal name |
Bosch, Juan, |
| Dates associated with a name |
1909-2001 |
| 9 (RLIN) |
1 |
| 610 2# - SUBJECT ADDED ENTRY--CORPORATE NAME |
| Corporate name or jurisdiction name as entry element |
Partido de la Liberación Dominicana |
| 650 #4 - SUBJECT ADDED ENTRY--TOPICAL TERM |
| Topical term or geographic name as entry element |
Liderazgo político |
| 650 #4 - SUBJECT ADDED ENTRY--TOPICAL TERM |
| Topical term or geographic name as entry element |
República Dominicana |
| General subdivision |
Política y gobierno |
| Chronological subdivision |
Siglo XX |
| 910 ## - USER-OPTION DATA (OCLC) |
| User-option data |
VMateo V. |
| 942 ## - ADDED ENTRY ELEMENTS (KOHA) |
| Source of classification or shelving scheme |
Dewey Decimal Classification |
| Koha item type |
Libros |